Supraspinálna kontrola zmien H-reflexu vyvolaných svetelnou stimuláciou u hemiparetických pacientov

Podrobná bibliografia
Hlavní autori: Podivinský, František, 1923- (Autor), Jergelová, Mariana (Autor), Žalčík, Jaroslav (Autor)
Médium: Článok
Jazyk:slovenčina
Fyzický popis:Obr. 4. Res. rus., angl., nem.
Predmet:

MARC

LEADER 00000nab a2200000 a 4500
001 vtls000113538
003 SK-MaSNL
005 20260304054658.0
008 250422c1982 xo 0 slo
015 |a SNBRB19rr/mm-uuuuu 
035 |a CL0123641 
035 |a urn:nbn:sk:snk-ab31k 
035 |a (urnnbn)urn:nbn:sk:snk:ar-a03bfz 
035 |a (uuid)bc443928-92f8-43be-9f81-9a34336ae428 
040 |a SNKBUCL  |b slo  |c SNKBUCL  |e AACR2 
041 0 |a slo 
044 |a xo  |c SK 
080 |a 616.8  |2 1981 
080 |a 612.01  |2 1981 
100 1 |a Podivinský, František,  |d 1923-  |4 aut  |9 198324 
245 1 0 |a Supraspinálna kontrola zmien H-reflexu vyvolaných svetelnou stimuláciou u hemiparetických pacientov  |c František Podivinsky, Mariana Jergelová, Jaroslav Žalčík ; František Podivinský 
300 |b Obr. 4. Res. rus., angl., nem. 
650 0 7 |a pacienti hemiparetickí  |2 snkbucl  |9 1339946 
655 7 |a články z novín a časopisov  |2 snkbucl  |9 267496 
700 1 |a Jergelová, Mariana  |4 aut  |9 5184 
700 1 |a Žalčík, Jaroslav  |4 aut  |9 1169033 
700 1 |a Podivinský, František,  |d 1923-  |4 aut  |9 198324 
773 0 |t Bratislavské lekárske listy  |g Roč. 77, č. 4 (1982), s. 413-420 
850 |a Slovenská národná knižnica 
852 |a Slovenská národná knižnica 
954 |a odborná, vedecká literatúra pôvodná (slovenská)  |2 lita 
958 |a article27 
958 |a RK 
958 |a MI 
958 |a OND 
958 |a EUIPO 
992 |a RBX 
999 |c 2720071  |d 2722001